Essentials Of Error-Control Coding (Record no. 349479)

MARC details
000 -LEADER
fixed length control field 00455nam a2200169Ia 4500
008 - FIXED-LENGTH DATA ELEMENTS--GENERAL INFORMATION
fixed length control field 230718s9999 xx 000 0 und d
020 ## - INTERNATIONAL STANDARD BOOK NUMBER
International Standard Book Number 9788126528691
041 ## - LANGUAGE CODE
Language code of text/sound track or separate title eng
082 ## - DEWEY DECIMAL CLASSIFICATION NUMBER
Classification number 005.7'2
Item number MOR
100 ## - MAIN ENTRY--PERSONAL NAME
Personal name Moreira J.C.
245 ## - TITLE STATEMENT
Title Essentials Of Error-Control Coding
260 ## - PUBLICATION, DISTRIBUTION, ETC. (IMPRINT)
Date of publication, distribution, etc. 2014
Name of publisher, distributor, etc. Wiley
300 ## - PHYSICAL DESCRIPTION
Extent 361
365 ## - TRADE PRICE
Currency code Rs.
Price amount 729.00
700 ## - ADDED ENTRY--PERSONAL NAME
Personal name Moreira J.C. & Farrell P.G.
906 ## - LOCAL DATA ELEMENT F, LDF (RLIN)
d O:0636612-Feb-2019B:IN92621-Jan-2019
c TE
b 1137.24
Holdings
Withdrawn status Lost status Damaged status Not for loan Home library Current library Date acquired Vendor Budget Code Cost, normal purchase price Bill number Total Checkouts Full call number Barcode Date last seen Discount Cost, replacement price Bill Date Koha item type Original Barcode
        Cummins College of Engineering for Women Pune Cummins College of Engineering for Women Pune 12/02/2019 Pradeep Book Distributors TE 539.46 IN926   005.7'2 CCEP-BK-60686 18/07/2023 1137.24 729.00 21/01/2019 Books 060686